Visualizzazione normale
Vista MARC
- Lopez Luigi
di Personal Name
Records bibliografici associati: 1
001 - CONTROL NUMBER
- control field: 6288
003 - CONTROL NUMBER IDENTIFIER
- control field: IT-RoPau
005 - DATE AND TIME OF LATEST TRANSACTION
- control field: 20131219123346.0
008 - FIXED-LENGTH DATA ELEMENTS
- fixed length control field: 131219|| aca||aabn | a|a d
040 ## - CATALOGING SOURCE
- Original cataloging agency: IT-RoPau
- Transcribing agency: IT-RoPau
100 ## - HEADING--PERSONAL NAME
- Personal name: Lopez Luigi
- Dates associated with a name: Codice autore testo/musica SPICS: 13073
- Relator term: Autore testo/musica
- Name of part/section of a work: Mondo
670 ## - SOURCE DATA FOUND
- Source citation: Work cat.: (IT-RoPau)99686: AA.VV. 794, Radio Libera (Lp Rb90)